000 00314nam a22000977a 4500
005 20250901165547.0
008 210909b |||||||| |||| 00| 0 eng d
050 _aHM51 .G45 1999
245 _aStudy guide for use with Sociology
_bAn introduction, 6th ed
_cGelles, Richard
942 _2lcc
_hHM51 .G45 1999
999 _c5864
_d5864